000 00494nam a2200157Ia 4500
008 240729s9999 xx 000 0 und d
022 _a2374-6793
245 0 _aInternational Journal of Aviation, Aeronautics, and Aerospace
260 _aUnited States
260 _bEmbry-Riddle Aeronautical University
650 _a Motor vehicles. Aeronautics. Astronautics
650 _aTechnology
856 _uhttps://doaj.org/toc/bd591483fa0d4e8d86f40e827a4fdfc2
942 _2ddc
942 _cDOAJEJ
999 _c68130
_d68130
945 _a1
_bMadushi Gamage
_c1
_dMadushi Gamage